Studies on the variation of Bacterium dysentariae. (Record no. 91488)

MARC details
000 -LEADER
fixed length control field 00457cam a2200169u 4500
001 - CONTROL NUMBER
control field unk83074344
003 - CONTROL NUMBER IDENTIFIER
control field DLC
005 - DATE AND TIME OF LATEST TRANSACTION
control field 20260227112801.0
008 - FIXED-LENGTH DATA ELEMENTS--GENERAL INFORMATION
fixed length control field 840105s1933 ilu 000 0 eng
010 ## - LIBRARY OF CONGRESS CONTROL NUMBER
LC control number unk83074344
040 ## - CATALOGING SOURCE
Original cataloging agency DLC
Transcribing agency CarP
Modifying agency DLC
050 00 - LIBRARY OF CONGRESS CALL NUMBER
Classification number QR201.D9
Item number D49
100 1# - MAIN ENTRY--PERSONAL NAME
Personal name Dienst, Robert Baxton,
Dates associated with a name 1903-
245 10 - TITLE STATEMENT
Title Studies on the variation of Bacterium dysentariae.
Remainder of title (Sonne)
260 ## - PUBLICATION, DISTRIBUTION, ETC.
Place of publication, distribution, etc. Chicago,
Date of publication, distribution, etc. 1933.
300 ## - PHYSICAL DESCRIPTION
Extent iii, 81 p.
Dimensions 32 cm.

No items available.

Powered by Koha